Régimes politiques par dirigeants français - Clic Quiz - Statistiques

Statistiques générales
  • Ce quiz a été pris 622 fois
  • Le résultat moyen est 14 sur 21
Statistiques - réponses
Hint Réponse % Correct
François Mitterand Cinquième République
97%
François Hollande Cinquième République
92%
Jacques Chirac Cinquième République
90%
Louis XIV Ancien Régime
86%
Emmanuel Macron Cinquième République
86%
Louis XVI Ancien Régime
81%
Henri IV Ancien Régime
79%
François Ier Ancien Régime
79%
Adolphe Thiers Troisième République
62%
René Coty Quatrième République
61%
Félix Faure Troisième République
60%
Jules Grévy Troisième République
59%
Louis-Philippe Ier Monarchie de Juillet
58%
Louis-Napoléon Bonaparte Deuxième République
57%
Vincent Auriol Quatrième République
57%
Sadi Carnot Troisième République
57%
Armand Fallières Troisième République
56%
Émile Loubet Troisième République
55%
Louis XVIII Restauration
52%
Raymond Poincaré Troisième République
52%
Charles X Restauration
45%
Aucun quiz correspondant
Distribution des résultats
% des personnes avec chaque résultat
Percentile par nombre de réponses
Votre historique - résultats
Vous n’avez pas pris ce quiz